• Borghetti M.

di Personal Name

Records bibliografici associati: 1

001 - CONTROL NUMBER

  • control field: 1404

003 - CONTROL NUMBER IDENTIFIER

  • control field: IT-RoPau

005 - DATE AND TIME OF LATEST TRANSACTION

  • control field: 20131108164335.0

008 - FIXED-LENGTH DATA ELEMENTS

  • fixed length control field: 131108|| aca||aabn | a|a d

040 ## - CATALOGING SOURCE

  • Original cataloging agency: IT-RoPau
  • Transcribing agency: IT-RoPau

100 ## - HEADING--PERSONAL NAME

  • Personal name: Borghetti M.
  • Relator term: Autore testo/musica
  • Miscellaneous information: Codice autore testo/musica SPICS: 24504
  • Name of part/section of a work: Dietro me

670 ## - SOURCE DATA FOUND

  • Source citation: Work cat.: (IT-RoPau)103697: Bertoli Pierangelo 1399, A muso duro (Lp Asc 20128)
CREDITS: SOCIETA' SAN PAOLO Via A.Severo, 58 - ROMA (RM) & PERIODICI SAN PAOLO SRL Via Giotto, 36 MILANO & CISF Via Giotto, 36 MILANO & EDIZIONI SAN PAOLO SRL,  Piazza Soncino, 5 CINISELLO BALSAMO (MI) -- ITALY